000 00469nam a22001817a 4500
008 170612b xxu||||| |||| 00| p tur d
020 _a975711216X
041 _atur
050 _aPL248.M38
100 _9291
_aBejan Matur
245 _aRüzgar Dolu Konaklar
_cBejan Matur
250 _a1. baskı
260 _aİstanbul
_bAvesta Yayınları
_cEylül 1996
300 _a112 sayfa
500 _aAvesta Şiir: 15/6
650 0 _9145
_aTürk Edebiyatı
942 _2lcc
_cBK
999 _c237
_d233